Home truths (Record no. 82973)

MARC details
000 -LEADER
fixed length control field 01014cab a22002055a 4500
001 - CONTROL NUMBER
control field L152456
008 - FIXED-LENGTH DATA ELEMENTS--GENERAL INFORMATION
fixed length control field 110309e20110219xxk 000 0 eng d
035 ## - SYSTEM CONTROL NUMBER
System control number (Sirsi) u152456
041 0# - LANGUAGE CODE
Language code of text/sound track or separate title eng
100 1# - MAIN ENTRY--PERSONAL NAME
Personal name Peet, Jane
245 00 - TITLE STATEMENT
Title Home truths
490 ## - SERIES STATEMENT
Series statement Estates Gazette
Volume/sequential designation (1107) 19 February 2011, 92-93(2)
520 ## - SUMMARY, ETC.
Summary, etc. Analysis of the changes made to the Leasehold Reform Act 1967 including the changes made by the Commonhold and Leasehold Reform Act 2002. Argues for reform in this area with possible change coming from amendments to the 1967 Act to close a loophole that has arisen from the abolition of the residency test. Notes that the Court of Appeal's verdict in 'Prospect Estates Limited v Grosvenor Estates Ltd' would be a useful starting point for a new approach to determining the issue.
590 ## - LOCAL NOTE (RLIN)
Local note KA
650 24 - SUBJECT ADDED ENTRY--TOPICAL TERM
Topical term or geographic name entry element GROSVENOR ESTATES LTD V PROSPECT ESTATES LTD
651 #4 - SUBJECT ADDED ENTRY--GEOGRAPHIC NAME
Geographic name England and Wales
Chronological subdivision 1543-
690 ## - LOCAL SUBJECT ADDED ENTRY--TOPICAL TERM (OCLC, RLIN)
Topical term or geographic name as entry element Landlord and tenant
9 (RLIN) 6252
700 1# - ADDED ENTRY--PERSONAL NAME
Personal name Callaghan, Michael
942 ## - ADDED ENTRY ELEMENTS (KOHA)
Suppress in OPAC 0
Holdings
Withdrawn status Lost status Source of classification or shelving scheme Damaged status Not for loan Home library Current library Shelving location Date acquired Total Checkouts Full call number Barcode Date last seen Copy number Price effective from Koha item type
    Dewey Decimal Classification     London London Journal article 09/03/2011   L152456 152456-1001 06/08/2019 1 06/08/2019 Journal article